000 00776nam a2200277Ia 4500
003 OSt
005 20221006150516.0
006 a|||||r|||| 00| 0
007 ta
008 221006b |||||||| |||| 00| 0 jpn d
020 _c¥4000
024 _a18,870
037 _bGift, Japan Foundation
_cTextual
040 _aEASL
_cEASL
_bjpn
041 _2jpn
_ajpn
082 _aQ45v42, L8
100 _aMIYOSHI Teikichi
_9656858
245 0 _aShosetsu ningen kakumei sashi e shu
260 _aTokyo
_bSeikyo Shinbun Sha Japan
_c1978
300 _a218p.
_ccm.
490 _v JL
650 _aJL
700 _a ISEDA Daisaku
_9656859
942 _hQ45v42, L8
_cTEXL
_2CC
999 _c1086956
_d1086956